The Green Deal (Record no. 111719)

MARC details
000 -LEADER
fixed length control field 00859cad a22001935a 4500
001 - CONTROL NUMBER
control field L151901
008 - FIXED-LENGTH DATA ELEMENTS--GENERAL INFORMATION
fixed length control field 101220s2010 xxk f 000 0 eng d
035 ## - SYSTEM CONTROL NUMBER
System control number (Sirsi) u151901
041 0# - LANGUAGE CODE
Language code of text/sound track or separate title eng
110 2# - MAIN ENTRY--CORPORATE NAME
Corporate name or jurisdiction name as entry element United Kingdom
Subordinate unit Department of Energy and Climate Change
9 (RLIN) 5850
245 04 - TITLE STATEMENT
Title The Green Deal
Remainder of title a summary of the government's proposals
Medium [electronic resource]
260 ## - PUBLICATION, DISTRIBUTION, ETC.
Place of publication, distribution, etc. [S.l.]
Name of publisher, distributor, etc. DECC
Date of publication, distribution, etc. 2010
520 ## - SUMMARY, ETC.
Summary, etc. Green Deal details. The scheme due to start in 2012 will give consumers and businesses the opportunity to make energy efficiency improvements with no upfront costs.
590 ## - LOCAL NOTE (RLIN)
Local note KA NTK
651 #4 - SUBJECT ADDED ENTRY--GEOGRAPHIC NAME
Geographic name England
Chronological subdivision 886-
690 ## - LOCAL SUBJECT ADDED ENTRY--TOPICAL TERM (OCLC, RLIN)
Topical term or geographic name as entry element BUILT ENVIRONMENT-CONSTRUCTION MARKET
856 40 - ELECTRONIC LOCATION AND ACCESS
Uniform Resource Identifier <a href="https://www.decc.gov.uk/assets/decc/legislation/energybill/1010-green-deal-summary-proposals.pdf">https://www.decc.gov.uk/assets/decc/legislation/energybill/1010-green-deal-summary-proposals.pdf</a>
Public note View the item free of charge at: www.decc.gov.uk
942 ## - ADDED ENTRY ELEMENTS (KOHA)
Suppress in OPAC 0
Holdings
Withdrawn status Lost status Source of classification or shelving scheme Damaged status Not for loan Home library Current library Shelving location Date acquired Total Checkouts Full call number Barcode Date last seen Copy number Price effective from Koha item type
    Dewey Decimal Classification     Virtual Virtual Online 20/12/2010   ONLINE PUBLICATION 151901-2001 06/08/2019 1 06/08/2019 Book